000 00936nam a22001937a 4500
005 20250205204306.0
008 240828b ||||| |||| 00| 0 eng d
082 _aDPer 155.205 J826 July-September 2019 v. 117 n. 1-3
100 _aDamian, Rodica Ioana.
_eauthor.
_959173
245 _aSixteen going on sixty-six :
_ba longitudinal study of personality stability and change across 50 years /
_cRodica Ioana Damian, Andreea Sutu, Marion Spengler, and Brent W. Roberts.
260 _aWashington ;
_bAmerican Psychological Association,
_cSeptember 2019.
300 _avolume 117, pages 674-695,
_billustration.
500 _aJournal of Personality and Social Psychology vol. 117, no. 3, pages 674-695, September 2019.
700 _aDamian, Rodica Ioana.
_eauthor.
_959173
700 _aSpengler, Marion.
_eauthor.
_959175
700 _aSutu, Andreea.
_eauthor.
_959174
700 _aRoberts, Brent W.
_eauthor.
_959176
942 _2ddc
_cPER
999 _c20960
_d20960